Statistics for Geography of Egypt

Click here to take the quiz!

General Stats

  • This quiz has been taken 17,067 times
  • The average score is 14 of 20

Answer Stats

QuestionAnswer% Correct
What is Egypt's only river?Nile
99%
What is the capital of Egypt?Cairo
97%
Which two sea does Egypt border?{Red} Sea
93%
What desert covers the majority of the Egypt?Sahara
91%
What canal connects those two seas?{Suez} Canal
91%
What is Egypt's official language?Arabic
90%
Which two sea does Egypt border?{Mediterranean} Sea
90%
What city in Egypt was famous for its ancient library?Alexandria
89%
Which two African countries border Egypt?Libya
89%
Which two African countries border Egypt?Sudan
88%
What ancient Egyptian capital shares its name with a city in Tennessee?Memphis
74%
What Egyptian peninsula is considered to be part of Asia?Sinai
72%
In what Egyptian valley were rock-cut tombs excavated for the pharaohs
and powerful nobles of the ancient kingdom of Egypt?
Valley of the {Kings}
68%
What Egyptian dam is the largest dam in Africa?{Aswan} Dam
61%
What city has been called the "world's greatest open-air museum"?Luxor
59%
What man-made lake was created by that dam? (hint: named for an Egyptian President)Lake {Nasser}
40%
What square in that city was the site of massive protests during the Arab Spring?{Tahrir} Square
33%
What gulf is located between that peninsula and Saudi Arabia?Gulf of {Aqaba}
25%
What are Dakhla, Siwah, Kharga, Al-Fayyum, and Bahariya?Oases
25%
What city is located on the northern end of that canal?Port Said
25%

Score Distribution

Percentile by Number Answered

Percent of People with Each Score

Your Score History

You have not taken this quiz